000 00653nam a22002177a 4500
003 OSt
005 20150410174536.0
008 150410b xxu||||| |||| 00| 0 eng d
020 _a9780273736455
040 _cDDC
082 _222nd ed.
_a658.4 BOC 2015
100 _aBocij, Paul
_93695
245 _aBusiness information systems:
_bTechnology, development and management for the E-Business
250 _a5th ed.
260 _aEngland;
_bPearson,
_c2015
300 _axxiii,671p;
_bcol.ill:
_c26.5cm
504 _aGlossary & index included
650 _aBusiness information systems
_93696
700 _aGreasley, Andrew
_93697
942 _2ddc
_cO_SHELF
999 _c1399
_d1399